000 01589 a2200205 4500
001 50016
005 20260407155800.0
008 260407a1973 arg spa d
003 AR-UNSa-BCEJYS
040 _aAR-UNSa-BCEJYS
_bspa
_cAR-UNSa-BCEJYS
080 _a338.1(8)
_xSituación económica. Ciclos. Desarrollo de la estructura económica en América del sur. Estados y regiones de América del sur. América latina. Iberoamérica
245 1 0 _aSocialismo o fascismo
_pel nuevo caràcter de la dependencia y el dilema latinoamericano
264 1 _aBuenos Aires :
_bEdiciones Periferia
_c1973
300 _a342 p.
_c21 cm.
505 _aPRIMERA PARTE: La nueva dependencia y la crisis latinoamericana: 1. El nuevo carácter de la dependencia - 2. La crisis latinoamericana - 3. El caso brasileño como modelo - SEGUNDA PARTE: Gran empresa y capital extranjero: 1. El predominio de la gran empresa - 2. La dominación del capital foráneo - TERCERA PARTE: La crisis económica: 1. La crisis del subdesarrollo: El imperialismo y el mercado externo - 2. La crisis del subdesarrollo: El latifundio y el mercado interno - 3. La reforma agraria - 4. La recuperación y la gran crisis - CUARTA PARTE: Capital extranjero y estructura del poder: 1. Capital extranjero y estructura del poder - 2. De la conciliación al radicalismo - QUINTA PARTE: La crisis política: 1. Visión de conjunto - 2. El bonapartismo - 3. El bonapartismo de derecha - 4. El fascismo - 5. El socialismo.
041 _aspa
942 _cBK
590 _aniveau_biblio:m niveau_hierar:0
100 1 _aSantos, Theotonio Dos
999 _c4934
_d4934